000 00859nam a22003015b 4500
001
003 DO-SdBNP
005 20170118104455.0
008 940628s1993 sp | ||| ||spa
016 7 _a
_2BPMSU
017 _a
_b
020 _a8426127533
035 _a(OCoLC)
040 _aBPMSU
_bspa
_cBPMSU
_e
041 1 _aspa
_h
080 0 _a
100 1 _aBrandenberg, Aliki
240 1 4 _aDinosaurs are different
_lEspañol
245 1 4 _aLos dinosaurios son diferentes /
_h
_cAliki Brandenberg; traducción de Herminia Dauer
250 _a
260 _aBarcelona :
_bJuventud,
_c1993
300 _a32 p.:
_bil.;
_c19 cm
490 _aLiboros de ciencia para leer y descubrir
700 1 2 _aDauer, Herminia
830 _aLiboros de ciencia para leer y descubrir
942 _2ddc
_cBK
956 _a VMATEO
_b10
_c20170118
_dBPMSU
_f0069
999 _c12509
_d12509